| 000 | 00587nam a2200181Ia 4500 | ||
|---|---|---|---|
| 003 | GCL | ||
| 008 | 140319s9999 xx 000 0 ara d | ||
| 040 |
_aGCL / _cGCL |
||
| 082 | 0 | 4 |
_a621.3 _bم هـ |
| 100 | 1 | _aمحمد احمد قمر | |
| 245 | 1 | 0 |
_aالهندسة الكهربية : للاقسام المدنية والميكانيكية / _cمحمد احمد قمر |
| 260 |
_a[S.N] : _bدار الراتب الجامعية |
||
| 300 | _a188 ص | ||
| 490 | _a | ||
| 650 | 0 | 4 | _aالهندسة الميكانيكية |
| 650 | 0 | 4 | _aالهندسة الكهربية |
| 942 |
_2ddc _cBK |
||
| 999 |
_c30359 _d30359 |
||